000 00476nam a2200169 4500
001 23038
005 20230410130745.0
008 060907n1967 dr spa
035 _9funglode23205
041 _aEN
050 1 4 _aPN 6727 S839l 1967
100 _aSterne, Laurence
245 1 4 _aThe life and opinions of Tristram Shandy, gentleman /
_cby Laurence Sterne
260 _aNew York :
_bHolt, Rinehart and Winston,
_c1967
300 _a577 p
942 _2lcc
_cbk
999 _c79844
_d79844